Statistics for Countries with the most Quakers

Click here to take the quiz!

General Stats

  • This quiz has been taken 47 times
  • The average score is 12 of 25

Answer Stats

AmountAnswer% Correct
76,360United States
95%
1,300Canada
93%
15,780United Kingdom
93%
1,400Mexico
88%
1,000Australia
81%
1,600Ireland
74%
4,300India
69%
146,300Kenya
62%
3,100Tanzania
57%
4,200Rwanda
45%
3,000DR Congo
43%
2,100Jamaica
43%
5,000Uganda
43%
35,000Burundi
40%
1,800Indonesia
40%
2,500Philippines
40%
3,500Peru
38%
23,300Bolivia
33%
1,600El Salvador
31%
19,620Guatemala
29%
2,500Honduras
26%
1,000Haiti
24%
6,000Nepal
17%
5,000Taiwan
17%
4,000Hungary
5%

Score Distribution

Percentile by Number Answered

Percent of People with Each Score

Your Score History

You have not taken this quiz